logo

Bir Sreshtho Munshi Abdur Rouf Library
Jhenaidah Cadet College

Masonry Skills / (Record no. 6600)

MARC details
000 -LEADER
fixed length control field 00537nam a22002177a 4500
001 - CONTROL NUMBER
JCCL Control Number 6600
003 - CONTROL NUMBER IDENTIFIER
JCCL marc code BD-JhCC
005 - DATE AND TIME OF LATEST TRANSACTION
control field 20180130101902.0
008 - FIXED-LENGTH DATA ELEMENTS--GENERAL INFORMATION
fixed length control field 180127b xxu||||| |||| 00| 0 eng d
035 ## - SYSTEM CONTROL NUMBER
system control number (BD-JhCC)6600
040 ## - CATALOGING SOURCE
Original cataloging agency BD-JhCC
Modifying agency BD-JhCC
041 ## - LANGUAGE CODE
Language code of Book eng
082 ## - DEWEY DECIMAL CLASSIFICATION NUMBER
Classification number 693.1
Author mark and Year KRE 1982
100 ## - MAIN ENTRY--PERSONAL NAME
Personal name Kreh, R. T.
245 ## - TITLE STATEMENT
Title Masonry Skills /
Statement of responsibility, etc R. T. Kreh Sr,
260 ## - PUBLICATION, DISTRIBUTION, ETC. (IMPRINT)
Place of publication, distribution, etc New York :
Name of publisher, distributor, etc Delmar Publishers Inc.
Date of publication, distribution, etc 1982.
300 ## - PHYSICAL DESCRIPTION
Pagination 328 p. :
Other physical details ills;
Dimensions 26 cm.
650 ## - SUBJECT ADDED ENTRY--TOPICAL TERM
Topical term or geographic name as entry element Masonry
942 ## - ADDED ENTRY ELEMENTS (KOHA)
Source of classification or shelving scheme Dewey Decimal Classification
Koha item type Books
Holdings
Source of classification or shelving scheme Damaged status Not for loan Home library Current library Shelving location Total Checkouts Full call number Barcode Date last seen Copy number Koha item type
Dewey Decimal Classification     JCC Rouf Library JCC Rouf Library General Stacks   693.1 KRE 1982 7878 01/27/2018 C - 1 Books

JCC Library | Contacts | JCC Home

Last Update on 23 September 2017
Copyright @ 2017-2020 JCC Rouf Library
Rouf Library, Jhenidah Cadet College (JCC), Bangladesh